Responses for show #7803 - Wednesday, July 11, 2018

Contestants

Stel Plakas, a project manager from Flushing, New York

George Holcomb, a writer and musician from Harrison, Arkansas

Wes Hazard, a standup comic and storyteller from Stoughton, Massachusetts (whose 2-day cash winnings total $26,795)

Jeopardy! Round responses

MONKEY, SEE?
I CAN NAME THAT PERSON IN 2 WORDS
CLASSIC MOVIE: THE VIDEO GAME
BUSINESS & INDUSTRY
FIRST NAMES IN THE DICTIONARY
"LITTLE" NURSERY RHYME CHARACTERS
    $200 16
the crab-eating

Wes
    $200 11
James Buchanan

Wes
    $200 1
12 Angry Men

Stel
    $200 22
the Dow Jones Industrial Average

Wes
    $200 17
frank

Wes
    $200 6
(George: [*]. Who is [*]?)

the little dog

George
    $400 27
marsupials

Wes
    $400 12
the Dalai Lama

Stel
    $400 2
The Shawshank Redemption

Stel
    $400 23
Qantas

Stel
    $400 18
a derrick

Stel
    $400 7
the three little kittens

Triple Stumper
    $600 28
cotton

George
    $600 13
Harry Houdini

George
    $600 3
High Noon

Wes
    $600 24
Doritos

Wes
    $600 19
the iris

George
    $600 8
Little Bo Peep

George
    $800 29
(George: What is a chimp?)
(Stel: What is a baboon?)

ape

GeorgeStel
Triple Stumper
    $800 14
Pope Benedict XVI

Triple Stumper
    $800 4
The Seventh Seal

Wes
    $800 25
Toys "R" Us

Wes
    $800 20
crystal

Wes
    $800 9
Little Jack Horner

George
    $1000 30
the baboon

George
    $1000 15
Strom Thurmond

George
    $1000 5
My Dinner with Andre

George
    $1000 26
overhead

Wes
    $2,000 21
Noel

Wes
    $1000 10
Little Tommy Tucker

George

Scores at the first commercial break (after clue 15):

Wes George Stel
$1,600 $5,200 $1,000

Scores at the end of the Jeopardy! Round:

Wes George Stel
$7,800 $6,600 $1,000

Double Jeopardy! Round responses

IT HAPPENED IN 2005
TV SHOWS BY FAMILY
GREEK MYTHOLOGY
OUR NATION'S CAPITAL BEFORE & AFTER
BLACK WOMEN AUTHORS
LEXICON VALLEY
    $400 18
Camilla Parker Bowles

Stel
    $400 8
Everybody Loves Raymond

Stel
    $400 1
Athena

Triple Stumper
    $400 13
Supreme Court jester

Wes
    $400 6
feminists

Wes
    $400 23
Latin

Stel
    $3,000 19
(George: What is Google Maps?)
[Originally ruled incorrect; ruled correct before the second Daily Double]
[ERRATUM: Google Earth was introduced in 2001, not 2005.]

Google Earth (or Google Maps)

Stel
    $800 9
Downton Abbey

Stel
    $800 2
Aphrodite

George
    $800 14
Department of Interior designers

Wes
    $800 7
Sapphire

Stel
    $800 24
the Himalayas

Stel
    $1200 20
(Stel: Who is Hillary Rodham Clinton?)

Condoleezza Rice

Stel
Triple Stumper
    $1200 10
Black-ish

Stel
    $1200 3
Demeter

Stel
    $1200 15
the Denzel Washington Monument

Triple Stumper
    $1200 28
Salem

Wes
    $1200 25
a sinkhole

George
    $1600 21
Sudan

Wes
    $1600 11
Speechless

Triple Stumper
    $1600 4
(Stel: Who is Hermes?)

Adonis

WesStel
    $1600 16
(Wes: What is the French press room?)
[Originally ruled incorrect; ruled correct before the first Daily Double.]

the French press secretary (or the French press room)

WesGeorge
    $2,000 29
Zadie Smith

Wes
    $1600 26
wadi

Triple Stumper
    $2000 22
(Stel: [*]--what is [*]?)

Olympics hosts

Stel
    $2000 12
The O.C.

Triple Stumper
    $2000 5
Jocasta

Wes
    $2000 17
the Waffle House of Representatives

Stel
    $2000 30
Zora Neale Hurston

Wes
    $2000 27
Glendale

George

Scores at the end of the Double Jeopardy! Round:

Wes George Stel
$21,400 $12,200 $11,200

[wagering suggestions for these scores]

Final Jeopardy! Round responses

FROM BOOKS TO BROADWAY
StelWhat is Wicked?
$11,200
GeorgeWhat is The Lion King
$9,201
WesWhat is Wicked
$3,001
Wicked

Final scores:

Wes George Stel
$24,401 $2,999 $22,400
3-day champion: $51,196 3rd place: $1,000 2nd place: $2,000

Game dynamics:

Coryat scores:

Wes George Stel
$20,000 $12,200 $9,000
22 R
(including 2 DDs),
0 W
14 R,
1 W
16 R
(including 1 DD),
3 W

Combined Coryat: $41,200

The J! Archive is created by fans, for fans. The Jeopardy! game show and all elements thereof, including but not limited to copyright and trademark thereto, are the property of Jeopardy Productions, Inc. and are protected under law. This website is not affiliated with, sponsored by, or operated by Jeopardy Productions, Inc. Join the discussion at JBoard.tv.